| 000 | 01007nam a22002657i 4500 | ||
|---|---|---|---|
| 003 | EG-ScBUE | ||
| 005 | 20230903093057.0 | ||
| 008 | 200202s1986 ua a f 000 0 ara d | ||
| 017 | _a5296 - 86 | ||
| 040 |
_aEG-ScBUE _bara _erda _cEG-ScBUE _dEG-ScBUE |
||
| 082 | 0 | 4 |
_a720 _bإ ب ر _222 |
| 100 | 1 |
_aإبراهيم، عبد الباقي، _eمؤلف. _914874 |
|
| 245 | 1 | 0 |
_aكلمات صحفية في الشئون العمرانية / _cتأليف الدكتور عبد الباقي إبراهيم. |
| 264 | 1 |
_a[القاهرة] : _bمركز الدراسات التخطيطية والمعمارية، _c[1986] |
|
| 300 |
_a132 صفحة : _bإيضاحيات ؛ _c30 سم |
||
| 336 |
_2rdacontent _aنص _btxt |
||
| 337 |
_2rdamedia _aبدون وسيط _bn |
||
| 338 |
_2rdacarrier _aمجلد _bnc |
||
| 541 |
_cDonation ; _aProf. Ayman Othman |
||
| 650 | 7 |
_aالعمارة _xمقالات ومحاضرات. _2BUEsh |
|
| 651 | _2BUEsh | ||
| 653 |
_bGGEN _cJanuary2020 |
||
| 655 | _vReading book | ||
| 942 | _2ddc | ||
| 999 |
_c27990 _d27961 |
||